Statistics for Most Metro-Rail-Dependent Cities

Click here to take the quiz!

General Stats

  • This quiz has been taken 39 times
  • The average score is 14 of 20

Answer Stats

Journeys/Person Continent City % Correct
134EuropeParis
95%
139EuropeMoscow
95%
114AsiaShanghai
92%
177AsiaBeijing
92%
235AsiaHong Kong
89%
117EuropeBerlin
89%
200EuropeVienna
81%
135EuropeSaint Petersburg
78%
329EuropePrague
78%
158EuropeBudapest
76%
155EuropeStockholm
73%
179EuropeMunich
73%
143EuropeKiev
68%
145AsiaSingapore
65%
150AsiaSeoul
62%
124EuropeSofia
41%
147EuropeMinsk
38%
133South AmericaCaracas
30%
118AsiaNanjing
24%
140EuropeKharkiv
14%

Score Distribution

Percentile by Number Answered

Percent of People with Each Score

Your Score History

You have not taken this quiz